| 000 -ლიდერი |
| ფიქსირებული სიგრძის საკონტროლო ველი |
01619nam a2200289Ia 4500 |
| 001 - საკონტროლო ნომერი |
| საკონტროლო ველი |
22134 |
| 003 - საკონტროლო ნომრის იდენტიფიკატორი |
| საკონტროლო ველი |
GE_BSU |
| 005 - ბოლო ოპერაციის თარიღი და დრო |
| საკონტროლო ველი |
20221116144646.0 |
| 008 - ფიქსირებული სიგრძის მონაცემთა ელემენტები - ზოგადი ინფორმაცია |
| ფიქსირებული სიგრძის საკონტროლო ველი |
181216s2016||||ge |||||||||||||| ||geo|| |
| 020 ## - წიგნის საერთაშორისო სტანდარტული ნომერი |
| International Standard Book Number |
9789941242458 |
| 040 ## - კატალოგიზაციის წყარო |
| Transcribing agency |
GE_BSU |
| 041 ## - ენის კოდი |
| Language code of text/sound track or separate title |
geo |
| 080 ## - უნივერსალური ათობითი კლასიფიკაციის ინდექსი |
| Universal Decimal Classification number |
338.22 კ-14 |
| 100 ## - მთავარი ჩანაწერი - პიროვნების სახელი |
| Personal name |
კავასაკი, გაი |
| 9 (RLIN) |
15859 |
| 245 ## - ცნობა სათაურის შესახებ |
| Title |
იდეიდან პირველ მილიონამდე : |
| Remainder of title |
[რჩევები ბიზნესის გურუსგან] / |
| Statement of responsibility, etc |
გაი კავასაკი ; დავით ახალაძის თარგმანი ; რედაქტორი ხათუნა ნონიაშვილი ; დიზაინერი ლაშა გიორგაძე. |
| 264 ## - წარმოების, გამოცემის, დისტრიბუციის და სხვა ცნობები |
| გამოცემის, წარმოების, დისტრიბუციის... ადგილი |
თბილისი : |
| გამოცემის, წარმოების, დისტრიბუციის... სახელწოდება |
პალიტრა L, |
| გამოცემის, წარმოების, დისტრიბუციის... თარიღი |
2016. |
| 300 ## - ფიზიკური აღწერა |
| Extent |
248 გვ. ; |
| Dimensions |
21 სმ. |
| 490 ## - სერიის ცნობა |
| Series statement |
ლურჯი ოკეანე - წარმატების ბიბლიოთეკა |
| 653 ## - INDEX TERM--UNCONTROLLED |
| Uncontrolled term |
ბიზნესი. მეწარმეობა |
| 653 ## - INDEX TERM--UNCONTROLLED |
| Uncontrolled term |
ეკონომიკა |
| 653 ## - INDEX TERM--UNCONTROLLED |
| Uncontrolled term |
იდეიდან პირველ მილიონამდე : [რჩევები ბიზნესის გურუსგან] |
| 700 ## - ADDED ENTRY--PERSONAL NAME |
| Personal name |
ნონიაშვილი, ხათუნა |
| Relator term |
მთარგმნელი |
| 9 (RLIN) |
15791 |
| 700 ## - ADDED ENTRY--PERSONAL NAME |
| Personal name |
ნონიაშვილი, ხათუნა |
| Relator term |
რედაქტორი |
| 9 (RLIN) |
15791 |
| 700 ## - ADDED ENTRY--PERSONAL NAME |
| Personal name |
გიორგაძე, ლაშა |
| Relator term |
დიზაინერი |
| 9 (RLIN) |
15860 |
| 942 ## - ADDED ENTRY ELEMENTS (KOHA) |
| Koha item type |
წიგნი |
| Source of classification or shelving scheme |
|